Biblioteca

Reader's digest Atlas of the Bible : (Registro nro. 66749)

Detalles MARC
000 -LÍDER
Campo fijo de descripción fija 03509nam a2200373 i 4500
001 - NÚMERO DE CONTROL
Campo de control 768714001
003 - IDENTIFICADOR DEL NÚMERO DE CONTROL
Campo de control CO-MdFUSB
005 - FECHA Y HORA DE LA ULTIMA TRANSACCIÓN
control field 20211029171240.0
007 - CAMPO FIJO DE DESCRIPCIÓN FIJA--INFORMACIÓN GENERAL
Campo fijo de descripción fija ta
008 - ELEMENTOS DE LONGITUD FIJA -- INFORMACIÓN GENERAL
Campo fijo de descripción fija -- Información general 210520t1981 -usabce| |||| 00| 0 eng d
020 ## - NÚMERO INTERNACIONAL NORMALIZADO PARA LIBROS
Número Internacional Normalizado del libro 0895770970
040 ## - FUENTE DE CATALOGACIÓN
Agencia de catalogación original CO-MdFUSB
Idioma de catalogación spa
Agencia que realiza la transcripción CO-MdFUSB
Agencia que realiza la modificación CO-MdFUSB
Convenciones de la descripción rda
041 ## - CÓDIGO DE IDIOMA
Código de idioma para texto/pista de sonido o título separado eng
082 ## - NÚMERO DE CLASIFICACIÓN DECIMAL DEWEY
Número de la edición del Dewey 23
Número de clasificación 220.91
Clave de autor-Numero de item R286
084 ## - OTHER CLASSIFICATION NUMBER
Assigning agency CO-MdFUSB
245 1# - TÍTULO
Título del Material Reader's digest Atlas of the Bible :
Parte restante del título - Subtitulo an illustrated guide to the Holy Land
Mención de responsabilidad, etc. / editado por Joseph Lawrence Gardner ; Harry Thomas Frank
264 #1 - PRODUCCIÓN, PUBLICACIÓN, DISTRIBUCIÓN, MANUFACTURA, Y COPYRIGHT
Lugar de producción, publicación, distribución, manufactura Estados Unidos :
Nombre del productor, publicador, distribuidor Reader's Digest Association,
Fecha de producción, publicación, distribución, manufactura, o copyright [1981]
264 #4 - PRODUCCIÓN, PUBLICACIÓN, DISTRIBUCIÓN, MANUFACTURA, Y COPYRIGHT
Fecha de producción, publicación, distribución, manufactura, o copyright © 1981
300 ## - DESCRIPCIÓN FÍSICA
Extensión 256 páginas
Dimensiones ; 29 cm
Otros detalles físicos mapas, ilustraciones a color
336 ## - TIPO DE CONTENIDO
Fuente rdacontent
Término de tipo de contenido texto
Código de tipo de contenido txt
337 ## - TIPO DE MEDIO
Fuente rdamedia
Nombre del tipo de medio sin mediación
Código del tipo de medio n
338 ## - TIPO DE SOPORTE
Fuente rdacarrier
Nombre del tipo de soporte volumen
Código Tipo de soporte nc
500 ## - NOTA GENERAL
Nota General Título de la portada: Atlas de la Biblia.
505 ## - NOTA DE CONTENIDO
Nota de contenido con formato preestablecido "En el principio ..." - Gente de la Biblia - Animales de la Biblia - Plantas de la Biblia - Pesos y medidas, moneda - Historia de la Biblia: primeras Biblias - La Tierra Santa en mapas - - Desenterrando el pasado: Tell el-Hesi - Tierra de la Biblia: vistas de Tierra Santa - Mapas introductorios: sitios bíblicos en Tierra Santa. Atlas histórico de los tiempos bíblicos. Mundo de los patriarcas: Ebla, una civilización perdida descubierta - Abraham en la tierra de Canaán: ciudades de la llanura - Isaac, Jacob y José: Ramsés II,{ ¿Faraón del Éxodo? - El éxodo: la vida en el desierto - Las andanzas de los hebreos: la tierra prometida; descubriendo la antigua Jericó - Invasión y conquista de Canaán: Hazor, ciudad-fortaleza de los cananeos; Zonas tribales y ciudades levíticas - Luchas de los jueces: los filisteos. El arca capturada - Samuel - Saúl, el primer rey de Israel - Saúl y David: rivales por el poder - David el rey -<br/>La revuelta de Absalón - El imperio de Salomón: la Reina de Sabá - David y la Jerusalén de Salomón: la templo de Salomón - Monarquía dividida: los reyes de Judá e Israel - Egipto invade: los fenicios, marinos y artesanos - Guerras de Israel y Judá -<br/>El profeta Elías - Eliseo y la revuelta de Jehú - Bajo los asirios espada. Renacimiento de los dos reinos: los poderosos asirios -<br/>Atrapado en la vorágine: Casa israelita en Siquem - La caída de Israel - Senaquerib ataca a Judá -Fin de Judá - Exilio en Babilonia: breve gloria de Babilonia - El regreso - Reconstrucción y reforma - Alejandro Magno - - Ptolomeos contra seléucidas <br/> Macabeos: bandera de la revuelta - Macabeos: la independencia de nuevo -La dinastía asmonea: el surgimiento de Roma -<br/>La llegada de los romanos - Las luchas por Judea - Herodes el Grande: Masada, palacio-villa de Herodes. Nacimiento de Jesús: la natividad - Tierra Santa según Herodes - Jesús en Galilea: pescando en el Mar de Galilea - Los viajes de Jesús a Jerusalén: Jerusalén en el tiempo de Jesús - La muerte de Jesús - La propagación temprana del Evangelio -La conversión de Saulo - Los viajes misioneros de Pablo: el mundo de Pablo; Cesarea, puesto avanzado del imperio - Revueltas contra Roma - La propagación del cristianismo: sangre de mártires - Nomenclátor del mundo bíblico.
563 ## - NOTA DE ENCUADERNACIÓN
Nota de encuadernación Tapa dura
650 #0 - ASIENTO SECUNDARIO DE MATERIA - TERMINO TEMÁTICO
9 (RLIN) 360
Término temático o nombre geográfico como elemento de entrada Biblia
Término temático que sigue al nombre geográfico como elemento de entrada Evidencias, autoridad, etc.
650 #0 - ASIENTO SECUNDARIO DE MATERIA - TERMINO TEMÁTICO
9 (RLIN) 16
Término temático o nombre geográfico como elemento de entrada Biblia
653 ## - TÉRMINO DE INDIZACIÓN - NO CONTROLADO
Término no controlado Mapas bíblicos.
700 ## - ASIENTO SECUNDARIO - NOMBRE PERSONAL
9 (RLIN) 5327
Nombre personal Gardner, Joseph Lawrence,
Responsabilidad editor
700 ## - ASIENTO SECUNDARIO - NOMBRE PERSONAL
9 (RLIN) 5328
Nombre personal Frank, Harry Thomas.
Responsabilidad editor
942 ## - TIPO DE MATERIAL (KOHA)
Tipo de Item KOHA Libros de Referencia
945 ## - INFORMACIÓN LOCAL DEL REGISTRO
Catalogador JTF-925
Existencias
Estado de Material Estado de Perdido Forma de Clasificación Estado de Dañado No para Préstamo Colección Biblioteca de Origen Biblioteca Permanente Fecha de Adquisición Área Total de Préstamos Signatura Topográfica Código de Barras Última vez visto Ejemplar/Existencia Fecha de Remplazo Tipo de Material
    Dewey Decimal Classification     Colección de Referencia Biblioteca FUSBC Biblioteca FUSBC 20/05/2021 BIBLIA   R 220.91 R286r 6210 03/02/2022 Ej. 1 20/05/2021 Libros de Referencia

Biblioteca FUSBC | Teléfono: (57+4) 349 88 10 Ext. 141| WhatsApp (+57) 3005338115 
E-mail: biblioteca@unisbc.edu.co | Calle 76 87-14 Robledo Palenque, Medellín, Colombia

Con tecnología Koha